000 00948nam a2200289 a 4500
001 15668
003 UkOxU
005 20211208235850.0
008 140210s1977 ii af b 001 0 eng d
035 _a(DLC)77905189
035 _a(UkLCURL)9877905189
_a(BD-RjUL)15723
040 _aBD-RjUL
_beng
_cBD-RjUL
_dBD-RjUL
041 _aeng
082 0 _a632.80954
_219
_bRAV 1977
090 _aLCo
100 1 _aRaychaudhuri, S. P.
_q(Syama Prasad),
_d1915-
_948627
245 1 0 _aVirus and mycoplasma diseases of plants in India /
_cS.P. Raychaudhuri and T.K. Nariani.
260 _aNew Delhi :
_bOxford & IBH Pub. Co.,
_cc1977.
300 _avi, 102, p. :
_bill. ;
_c23 cm.
504 _aIncludes bibliographies and indexes.
650 0 _aVirus diseases of plants
_zIndia.
_948628
650 0 _aMycoplasma diseases in plants
_zIndia.
_948629
700 1 _aNariani, T. K.
_948630
942 _2ddc
_cBK
999 _c15668
_d15668